00363nam a2200133Ia 4500008004100000100006500041245005200106250001200158260001500170300000800185650001200193942000700205999001700212190216s9999||||xx |||||||||||||| ||und|| a"Varghese. Km, Parvathy.N, Sebastian Kunhu And Antony Eapen" 0aFundamentals Of Physics Clss Xii And Pre Degree a1st Ed. bNullc1993 a614 aPhysics cBK c33215d33215